| 000 | 00762nam a2200289Ia 4500 | ||
|---|---|---|---|
| 001 | Z_5243 | ||
| 003 | CHAP | ||
| 008 | 220113s9999 xx 000 0 und d | ||
| 010 | _a168307 | ||
| 020 | _a0-87893-481-2 | ||
| 040 | _cCHAP | ||
| 082 | _a575.1 L96 | ||
| 100 |
_aLynch, Michael _9142570 |
||
| 245 |
_aGenetics and analysis of quantitative traits / _cMichael Lynch y Bruce Walsh |
||
| 260 |
_aSunderland, Massachusetts : _bSinauer Associates, _c |
||
| 300 | _axvi, 980 p. | ||
| 503 | _aej.1: 225103 | ||
| 504 | _aBibliografĂa: p. 891 - 948 | ||
| 650 |
_aGenética cuantitativa _947487 |
||
| 700 |
_aWalsh, Bruce, coaut. _9142571 |
||
| 901 | _a575.1 L96 | ||
| 902 | _aM | ||
| 910 | _a | ||
| 942 | _c1 | ||
| 942 | _cc1 | ||
| 999 |
_c168307 _d168307 |
||